000
00282nam a22001217a 4500
041
_a
ENG
100
_a
Chakraverty.S
245
_a
Laboratory Experiments On Electronic Circuits
260
_a
Delhi
_b
Standard Pub
_c
1997
300
_a
207
650
_a
EOES
856
_u
EOES ( 14 )
999
_c
1109
_d
1109